| 000 | 00000nam 2200000zi 4500 |
| 001 | 9.932650 |
| 003 | CaOODSP |
| 005 | 20250611103918 |
| 006 | m o d f |
| 007 | cr cn||||||||| |
| 008 | 240118t20242024oncab o f000 0 fre d |
| 020 | |a9780660696904 |
| 040 | |aCaOODSP|bfre|erda|cCaOODSP |
| 043 | |an-cnp-- |
| 086 | 1 |aA22-683/2024F-PDF |
| 245 | 02|aL'agriculture des prairies. |
| 264 | 1|a[Ottawa] : |bAgriculture et agroalimentaire Canada = Agriculture and Agri-Food Canada, |c[2024]. |
| 264 | 4|c©2024 |
| 300 | |a1 ressource en ligne (1 page non numérotée) : |billustrations, cartes |
| 336 | |atexte|btxt|2rdacontent/fre |
| 337 | |ainformatique|bc|2rdamedia/fre |
| 338 | |aressource en ligne|bcr|2rdacarrier/fre |
| 500 | |aTitre de départ. |
| 500 | |aPublié aussi en anglais sous le titre : Prairie agriculture. |
| 650 | 6|aAgriculture|zProvinces des Prairies. |
| 650 | 6|aAgriculture|xRecherche|zCanada. |
| 710 | 1 |aCanada. |bAgriculture et agroalimentaire Canada, |eorganisme de publication. |
| 775 | 08|tPrairie agriculture.|w(CaOODSP)9.932649 |
| 776 | 0#|tL'agriculture des prairies.|w(CaOODSP)9.932983 |
| 856 | 40|qPDF|s983 Ko|uhttps://publications.gc.ca/collections/collection_2024/aac-aafc/A22-683-2024-fra.pdf |
| 986 | |a13188F |